000 00500nam a2200145Ia 4500
008 220325s9999||||xx |||||||||||||| ||und||
020 _a978-979-007-275-6
084 _a1128-0011 KAL Gov Bo
100 _aJ. Kaloh
245 0 _aKepemimpinan Kepala Daerah: Pola Kegiatan, Kekuasaan dan Perilaku Kepala Daerah Dalam Pelaksanaan Otonomi Daerah
260 _aJakarta
_bSinar Grafika
_c2009
300 _ai-viii + 216 hlm
650 _aGovernment (Pemerintahan)
_eG-O-V
_yPemerintahan Daerah
942 _cBK
999 _c17952
_d17952